Marc 16,1-8 — Les femmes et le jeune homme dans le tombeau (notice n° 1622492)

détails MARC
000 -LEADER
fixed length control field 01938cam a2200169 4500500
005 - DATE AND TIME OF LATEST TRANSACTION
control field 20260111091955.0
041 ## - LANGUAGE CODE
Language code of text/sound track or separate title fre
042 ## - AUTHENTICATION CODE
Authentication code dc
100 10 - MAIN ENTRY--PERSONAL NAME
Personal name Wargnies, Philippe
Relator term author
245 00 - TITLE STATEMENT
Title Marc 16,1-8 — Les femmes et le jeune homme dans le tombeau
260 ## - PUBLICATION, DISTRIBUTION, ETC.
Date of publication, distribution, etc. 2010.<br/>
500 ## - GENERAL NOTE
General note 83
520 ## - SUMMARY, ETC.
Summary, etc. Les versets 16,1-8 de l’évangile selon saint Marc en constituent une première conclusion, dont la finale est surprenante. Après avoir donné une transposition littérale de la péricope, l’auteur la resitue d’abord dans le fil du deuxième évangile et plus spécialement par rapport à ses chapitres 14 et 15 (points 1 et 2). Il retraverse ensuite le récit pour nous rendre attentifs à ce qui s’y donne à voir et à entendre (3 et 4). Il s’attarde enfin davantage sur les deux derniers versets, en raison des questions qu’ils soulèvent et de la richesse d’interprétation à laquelle ils se prêtent (5 et 6). L’article se termine sur une brève réflexion plus explicitement ecclésiologique (7).
520 ## - SUMMARY, ETC.
Summary, etc. Verses 16, 1-8 from the Gospel according to St Mark constitute a first conclusion whose ending is surprising. After having given a literal transposition of the pericope, the author first situates it again in the line of thought of the second Gospel and more especially in relation to chapters 14 and 15 (points 1 and 2). Then he goes over the narrative again to draw our attention to what is given in it to be seen and heard (3 and 4). He then dwells further on the last two verses because of the questions that they raise and the wealth of interpretation to which they lend themselves (5 and 6). The article finishes with a brief more explicitly ecclesiological reflection (7).
786 0# - DATA SOURCE ENTRY
Note Nouvelle revue théologique | 132 | 3 | 2010-07-01 | p. 368-385 | 0029-4845
856 41 - ELECTRONIC LOCATION AND ACCESS
Uniform Resource Identifier <a href="https://shs.cairn.info/revue-nouvelle-revue-theologique-2010-3-page-368?lang=fr&redirect-ssocas=7080">https://shs.cairn.info/revue-nouvelle-revue-theologique-2010-3-page-368?lang=fr&redirect-ssocas=7080</a>

Pas d'exemplaire disponible.

PLUDOC

PLUDOC est la plateforme unique et centralisée de gestion des bibliothèques physiques et numériques de Guinée administré par le CEDUST. Elle est la plus grande base de données de ressources documentaires pour les Étudiants, Enseignants chercheurs et Chercheurs de Guinée.

Adresse

627 919 101/664 919 101

25 boulevard du commerce
Kaloum, Conakry, Guinée

Réseaux sociaux

Powered by Netsen Group @ 2025